| 000 | 01797nam0a2200373 4500 | ||
|---|---|---|---|
| 001 | RU\NLR\bibl\1853232 | ||
| 005 | 20260407202819.0 | ||
| 010 |
_a978-5-9971-0131-2 _9230 |
||
| 021 |
_aRU _b2011-98892 _97086 |
||
| 035 | _a(nilc)RSL-KNO-005114798 | ||
| 035 | _a(NLR Aleph) 001843171 | ||
| 090 |
_a2300254 _c2300254 |
||
| 100 | _a20111216d2010 |||y0rusy50 ca | ||
| 101 | 0 | _arus | |
| 102 | _aRU | ||
| 105 | _aa ||||||||| | ||
| 200 | 1 |
_aИнформационные и коммуникационные технологии в профессии _eпособие для воспитанника _fДетский фонд "Виктория" _g[авт.-сост.: С. М. Конюшенко и др.] |
|
| 210 |
_aМосква _c[б.и.] _aКалининград _cИзд-во Российского гос. ун-та _d2010 |
||
| 215 |
_a84 с. _cил., табл. _d29 |
||
| 320 | _aБиблиогр.: с. 81 | ||
| 606 | 1 |
_aШкольники _jРуководства, пособия и т.п. _xПрофессиональная ориентация _xПсихологические исследования _92165478 _3RU\NLR\AUTH\661302981 |
|
| 686 |
_aЮ984.102.9,0 _2rubbk |
||
| 686 | 1 | _aЮ984.102.9я7 | |
| 686 | 1 | _aЮ941.19я7 | |
| 686 | 1 | _aЧ421.202.5я7 | |
| 702 | 1 |
_aКонюшенко _bС. М. _gСветлана Михайловна _4220 |
|
| 712 | 0 | 2 |
_4570 _aФонд помощи обездоленным детям и детям, лишенным родительской ласки - Детский фонд "Виктория" _cМосква _3RU\NLR\AUTH\8810134406 _9764820 |
| 801 | 0 |
_aRU _bRuMoRKP _c20111216 _grcr |
|
| 801 | 1 |
_aRU _bРГБ _c20111216 |
|
| 801 | 2 |
_aRU _bNLR _c20111227 _grcr |
|
| 942 | _cBOOK | ||
| 980 | _aNB | ||